书目信息 |
| 题名: |
中国边连锁攻略
|
|
| 作者: | 高景远 主编 | |
| 分册: | ||
| 出版信息: | 北京 中国长安出版社 2005 |
|
| 页数: | 306页 | |
| 开本: | 23cm | |
| 丛书名: | ||
| 单 册: | ||
| 中图分类: | F721.7 | |
| 科图分类: | ||
| 主题词: | 连锁商店--商业管理--研究--中国 , 连锁商店 , 商业管理 | |
| 电子资源: | ||
| ISBN: | 7-80175-332-1 | |
| 000 | 00930nam0 2200265 450 | |
| 001 | 012007923501 | |
| 005 | 20070605141539.40 | |
| 010 | @a7-80175-332-1@dCNY30.00 | |
| 100 | @a20070601d2005 km y0chiy0120 ea | |
| 101 | 0 | @achi |
| 102 | @aCN@b110000 | |
| 105 | @aa z 000yy | |
| 106 | @ar | |
| 200 | 1 | @a中国边连锁攻略@Azhong guo bian lian suo gong lue@e与49位连锁企业老总的对话@f高景远主编 |
| 210 | @a北京@c中国长安出版社@d2005 | |
| 215 | @a306页@c照片@d23cm | |
| 330 | @a本书是中国连锁业15年发展历程的总结,汇集了中国连锁超市的领导者群像,反映了他们对过去、现在和将来的群体思考,其中还有精彩的财富故事。 | |
| 517 | 1 | @a与49位连锁企业老总的对话@Ayu 49 wei lian suo qi ye lao zong de dui hua |
| 606 | 0 | @a连锁商店@x商业管理@x研究@y中国 |
| 606 | 0 | @a连锁商店 |
| 606 | 0 | @a商业管理 |
| 690 | @aF721.7@v4 | |
| 701 | 0 | @a高景远@Agao jing yuan@f(1968.8~)@4主编 |
| 801 | 0 | @aCN@bRULIN@c20070605 |
| 905 | @dF721.7@e35@s8 | |
| 中国边连锁攻略:与49位连锁企业老总的对话/高景远主编.-北京:中国长安出版社,2005 |
| 306页:照片;23cm |
| ISBN 7-80175-332-1:CNY30.00 |
| 本书是中国连锁业15年发展历程的总结,汇集了中国连锁超市的领导者群像,反映了他们对过去、现在和将来的群体思考,其中还有精彩的财富故事。 |
| ● |
| 相关链接 |
|
|
|
|
正题名:中国边连锁攻略
索取号:F721.7/35
 
预约/预借
| 序号 | 登录号 | 条形码 | 馆藏地/架位号 | 状态 | 备注 |
| 1 | 0582034 | 205820343 | 第一样本阅览室/ [索取号:F721.7/35] | 在馆 | |
| 2 | 0582035 | 205820352 | 第一借阅区/ [索取号:F721.7/35] | 在馆 | |
| 3 | 0582036 | 205820361 | 第一借阅区/ [索取号:F721.7/35] | 在馆 | |
| 4 | 0582037 | 205820370 | 第一借阅区/ [索取号:F721.7/35] | 在馆 | |
| 5 | 0582038 | 205820389 | 第一借阅区/ [索取号:F721.7/35] | 在馆 | |
| 6 | 0582039 | 205820398 | 第一借阅区/ [索取号:F721.7/35] | 在馆 | |
| 7 | 0582040 | 205820405 | 第一借阅区/ [索取号:F721.7/35] | 在馆 | |
| 8 | 0582041 | 205820414 | 第一借阅区/ [索取号:F721.7/35] | 在馆 |